000 00664nam a2200193Ia 4500
003 GCL
008 140319s9999 xx 000 0 ara d
040 _aGCL /
_cGCL
082 0 4 _a216
_bأ أ
100 1 _aابراهيم صقر
245 1 0 _aالاستشراق والفلسفة الاسلامية بين التجديد والتبديد /
_cابراهيم صقر
250 _aالاولى
260 _aالقاهرة :
_bالمكتبة المصرية ،
_c2004
300 _a180 ص ؛
_c24 سم
650 0 4 _aالاستشراق والمستشرقون
650 0 4 _aالمستشرقون
650 0 4 _aالاسلام - دفع مطاعن
942 _2ddc
_cBK
999 _c56721
_d56721